On This Day: August 13th II Quiz Stats

 Plays Quiz Updated Aug 13, 2018

Score 0/7 Timer 03:00
0 Plays Today
Question Answer Wrong Answers
Major General Eugene Reybold of the US Army Corps of Engineers authorizes the construction of facilities that would house the ______ Project.
1942
Manhattan
94.1%
Brooklyn
2.8%
Queens
1.5%
Bronx
1.3%
This American swimmer ends his career at the 2016 Summer Olympics, winning the 4x100 medley relay for his record 23rd gold medal.
2016
Michael Phelps
93.1%
Ian Thorpe
1.4%
Ryan Lochte
2%
Mark Spitz
2.8%
This biographical crime film directed by Arthur Penn, which stars Warren Beatty and Faye Dunaway, is released.
1967
Bonnie and Clyde
91.9%
Bugsy
4.1%
Dillinger
1.8%
Dog Day Afternoon
1.8%
The citizens of Norway vote to end their union with this country.
1905
Sweden
62.5%
Finland
11.6%
Denmark
19.1%
Iceland
6.6%
The Central African Republic declares their independence from ______.
1960
France
58.2%
Portugal
6.8%
Belgium
30.3%
Germany
4.3%
In Hartford, Connecticut, William Gray is granted a patent for coin-operated ______.
1889
Telephones
48.9%
Laundry Machines
36.5%
Pool Tables
4.6%
Film Viewing Devices
9.9%
This English footballer, who holds the Premier League record for most career goals scored with 260, is born.
1970
Alan Shearer
32.4%
Wayne Rooney
12.5%
Michael Owen
3.5%
David Beckham
51.1%

You're not logged in!

Compare scores with friends on all Sporcle quizzes.
OR
Log In

Sporcle TV

Today on Sporcle TV


Watch our educational content, quiz creation guides, and fun videos on Sporcle TV.

Show Comments

Extras

Top Quizzes Today


Score Distribution

Your Account Isn't Verified!

In order to create a playlist on Sporcle, you need to verify the email address you used during registration. Go to your Sporcle Settings to finish the process.

Report this User

Report this user for behavior that violates our Community Guidelines.

Details: